000 00815nam a22002297a 4500
003 UA-OsUOA
001 49996
007 ta
008 20071017b un ||||| |||| 00| 0 ukr d
090 _a651.419:174
_bС91
942 _cBK
040 _aUA-OsUOA
_bukr
_cUA-OsUOA
_dUA-OsUOA
245 _aСучасне діловодство: зразки документів, діловий етикет, інформація для ділової людини
_cБріцина В. М
300 _a687 с.
955 _a2
041 _aukr
080 _a651.419:174
020 _a978-966-507-210-2
260 _aК.
_bДовіра
_c2007
650 7 _a651 Конторська (канцелярська) справа. Офіс-менеджмент. Діловодство. Оргтехніка
_2UDC
999 _c336073
_d336073